Top 10 Most Liberal U.S. States - Statistics

General Stats
  • This quiz has been taken 140 times
  • The average score is 9 of 10
Answer Stats
# % State % Correct
7 29 California
100%
5 30 New York
97%
4 31 Washington
93%
9 28 Oregon
87%
1 35 Massachusetts
86%
3 32 Vermont
86%
2 33 Maine
81%
6 30 New Hampshire
80%
10 28 Maryland
79%
8 28 Hawaii
73%
No matching quizzes found
Score Distribution
Percent of People with Each Score
Percentile by Number Answered
Your Score History
You have not taken this quiz